| 000 | 00000nam 2200000zi 4500 |
| 001 | 9.826824 |
| 003 | CaOODSP |
| 005 | 20241129130213 |
| 006 | m o d f |
| 007 | cr ||||||||||| |
| 008 | 161102s1913 onc o f001 0 fre d |
| 040 | |aCaOODSP|bfre|erda|cCaOODSP |
| 043 | |an-cn--- |
| 086 | 1 |aZ1-1911/3F-PDF |
| 110 | 1 |aCanada.|bCommission d'enquête sur le service civil, |eauteur, |eorganisme de publication. |
| 245 | 10|aService public, 1912 : |brapport des commissaires. |
| 264 | 1|aOttawa : |bC. H. Parmelee, imprimeur, |c1913. |
| 300 | |a1 ressource en ligne (3 volumes) |
| 336 | |atexte|btxt|2rdacontent/fre |
| 337 | |ainformatique|bc|2rdamedia/fre |
| 338 | |aressources en ligne|bcr|2rdacarrier/fre |
| 500 | |aPublié aussi en anglais sous le titre : Public Service Commission 1912: report of the Commissioners. |
| 500 | |aPublication historique numérisée par Bureau du Conseil privé. |
| 500 | |aÉdition numérisée de l'imprimé [par Direction des publications du gouvernement du Canada]. |
| 500 | |aPrésident: Alfred Bishop Morine; commissaires: Guillaume Narcisse Ducharme and Richard Stuart Lake. |
| 500 | |a« 3 George V. Document parlementaire No 57. A. 1913. » |
| 500 | |a« Imprimé par ordre du parlement. » |
| 500 | |aComprend des indexes. |
| 650 | 6|aAdministration publique|zCanada. |
| 650 | 6|aFonction publique|zCanada. |
| 700 | 1 |aMorine, Alfred Bishop. |
| 710 | 1 |aCanada. |bBureau du Conseil privé, |eorganisme de publication. |
| 775 | 08|tPublic Service Commission, 1912 : |w(CaOODSP)9.826820 |
| 856 | 40|qPDF|s7.49 Mo|uhttps://publications.gc.ca/collections/collection_2016/bcp-pco/Z1-1911-3-1-fra.pdf|zVolume I. Rapport des commissaires (traduit de l'anglais) |
| 856 | 40|qPDF|s6.97 Mo|uhttps://publications.gc.ca/collections/collection_2016/bcp-pco/Z1-1911-3-2-fra.pdf|zRapport supplémentaire |
| 856 | 40|qPDF|s4.73 Mo|uhttps://publications.gc.ca/collections/collection_2016/bcp-pco/Z1-1911-3-3-fra.pdf|zRapports spéciaux sur le dragage |
| 856 | 40|qPDF|s47253 KB|uhttps://publications.gc.ca/collections/collection_2024/bcp-pco/Z1-1911-3-4-fra.pdf|zVolume II. Rapport des commissaires (traduit de l'anglais) (Témoignage)) |
| 856 | 40|qPDF|s37212 Ko|uhttps://publications.gc.ca/collections/collection_2024/bcp-pco/Z1-1911-3-6-fra.pdf|zVolume III, rapport des commissaires (traduit de l'anglais) (témoignages et un index) |